zpět

Detail výsledku týmu

U Rybníčka, Ořechov

Datum a čas kvízu

30.5 Celkem bodů Celkový počet nahraných bodů na tomto kvízu bez doplňovacích otázek.
5. Pořadí na kvízu Konečné umístění týmu na tomto kvízu.

Zaznamenané odpovědi

# Otázka Odpověď Body Výsledky
1. Která zdrobnělina jihoslovansk... Darinka 1
2. Který druh alkoholu se skrývá... gin, Ginevra 1
3. Najděte v uvedeném souvětí skr... lokše 0
4. Který jídelní pozůstatek se sk... ohryzek 1
5. Czenglish neboli počeštěná ang... rajská omáčka, utopenec 1
6. Najděte v této šifře české měs... Lovosice 0
7. S pomocí angličtiny najděte v... Madagaskar 1
8. Které dvě řeky ve svých názvec... Jihlava, Úhlava 1
9. Které hlavní město se ukrývá v... Lusaka 0
10. Opět máte za úkol najít název... Salvador 1